| 000 | 00430cam a2200181 04500 | ||
|---|---|---|---|
| 001 | 46129 | ||
| 090 | _a46129 | ||
| 100 | _a19950403d19 m y0pory5003 ba | ||
| 101 | 0 | _apor | |
| 102 | _aPT | ||
| 200 | 1 |
_aUma alma de mulher _eromance _fArminda Fortes |
|
| 210 | 9 |
_aPorto _cPorto editora _d[1975] |
|
| 215 |
_a179 p. _d19 cm |
||
| 225 | 2 |
_aPortuguesa _v12 |
|
| 675 | _a82-93 | ||
| 700 | 1 |
_aFortes, _bArminda |
|
| 801 | 0 |
_aPT _bBN _gRPC |
|
| 990 | _cLIVROS | ||